000 02604nam0a2200397 4500
001 RU\NLR\BIBL_A\022350451
005 20260420015731.0
010 _a978-5-6051363-9-2
_9500
021 _aRU
_bКН-П-24-049524
_9КН-П-24-4922
035 _a(NLR Aleph) 022350451
090 _a13667168
_c13667168
100 _a20241011d2024 k y0rusy50 ca
101 0 _arus
_aeng
_deng
102 _aRU
105 _aa z 110yy
181 0 _ai3
_baxxe
182 0 _an
200 1 _aСовременные тенденции управления и экономики в России и мире: цивилизационный аспект
_dModern trends in management and economics in Russia and the world: the civilizational aspect
_eматериалы V всероссийской научно-практической конференции с международным участием (29 февраля 2024 года)
_fУниверситет мировых цивилизаций имени В. В. Жириновского
_zeng
203 _aТекст
_bвизуальный
_cнепосредственный
210 _aМосква
_cУМЦ
_d2024
215 _a243 с.
_cил., табл.
_d20
300 _aРез. на англ. яз.
300 _aНа тит. с. и обл.: Университет мировых цивилизаций имени В. В. Жириновского, 25 лет
320 _aБиблиогр. в конце ст. и в подстроч. примеч.
510 1 _aModern trends in management and economics in Russia and the world: the civilizational aspect
_zeng
606 1 _aЭкономика
_jСъезды, совещания и т.п
_91414491
_3RU\NLR\AUTH\66284709
606 1 _aНародное хозяйство
_jСъезды, совещания и т.п
_xУправление
_92083938
_3RU\NLR\AUTH\661260012
686 1 _aУ.я431
686 1 _aУ21(0)я431
711 1 2 _a"Современные тенденции управления и экономики в России и мире: цивилизационный аспект", всероссийская научно-практическая конференция
_d5
_eМосква
_f2024
_92643504
_3RU\NLR\AUTH\880617026
712 0 2 _4557
_aУниверситет мировых цивилизаций им. В. В. Жириновского
_cМосква
_9842059
_3RU\NLR\AUTH\880588106
942 _cBOOK
980 _aNB